Normal view MARC view
  • Pérez Ramírez, Cyndi Lilibeth

Entry Nombre Personal

Number of records used in: 1

001 - NUMERO DE CONTROL

  • campo de control: 47818

003 - IDENTIFICADOR DE NUMERO DE CONTROL

  • campo de control: UPN

005 - FECHA Y HORA DE LA ÜLTIMA TRANSACCIÓN

  • campo de control: 20230301085501.0

008 - DATOS DE LONGITUD FIJA

  • campo de control de longitud fija: 010323|| aca||aabn | a|a d

040 ## - FUENTE DE CATALOGACIÓN

  • Agencia original de catalogación: MX-MxUPN
  • Lenguaje de catalogación: spa
  • Agencia que lo modifica: MX-MxUPN

100 1# - ENCABEZAMIENTO - NOMBRE PERSONAL

  • Nombre personal: Pérez Ramírez, Cyndi Lilibeth

400 1# - VEÁSE - NOMBRE DE PERSONA

  • Personal name: Ramírez, Cyndi Lilibeth Pérez

670 ## - FUENTE EN LA QUE SE LOCALIZARON DATOS

  • Cita de la fuente: En la obra: A 50 años del Halconazo: 10 de junio de 1971 vol.2, 2021:
  • Información localizada: portada (Cyndi Lilibeth Pérez)

902 ## - CATALOGADOR

  • Catalogador: NDAF/010323